عرض عادي
عرض مارك
- Buneman, Peter,
مدخل إسم شخص
001 - رقم الضبط
- حقل الضبط: 39476
003 - معرف رقم الضبط
- حقل الضبط: OSt
005 - تاريخ ووقت أخر عملية
- حقل الضبط: 20131112161357.0
008 - عناصر بيانات ثابتة الطول
- حقل تحكم ثابت الطول: 131112|||a|||||| | ||| d
040 ## - مصدر الفهرسة
- هيئة الفهرسة الأصلية: OSt
- وكالة الكتابة: OSt
100 ## - مدخل -- أسم شخص
- إسم شخص: Buneman, Peter,
- تواريخ مرتبطة بالاسم: 1943-
670 ## - بيانات المصدر موجوده
- الاستشهاد بالمصدر: Work cat.: (OSt)0: Abiteboul, S. (Serge) 39475, Data on the web :, 1999.
